| 000 | 00764nmc a2200277 a 4500 | ||
|---|---|---|---|
| 003 | AR-BaBNM | ||
| 005 | 20251128210143.0 | ||
| 008 | 241020s1996 ||||||||||||||000 | spa|| | ||
| 020 | _a987-9203-06-02 | ||
| 040 | _cAR-BaBNM | ||
| 100 | 1 | _aCaplan, Graciela J. | |
| 245 | 1 | 0 |
_aIntroducción a la informática educativa _bmanual interactivo |
| 250 | _a1ª ed. | ||
| 260 |
_aBuenos Aires _bJVE Siglo XXI _c1996 |
||
| 300 | 0 |
_a203 p. _bil. |
|
| 490 | 0 | _aSerie Informática | |
| 504 | _aIncluye bibliografía en p. 203 | ||
| 650 | 4 | _aTECNOLOGIA EDUCATIVA | |
| 650 | 4 | _aRECURSOS | |
| 650 | 4 | _aUTILIZACION DE LA INFORMACION | |
| 650 | 4 | _aENSENANZA POR COMPUTADORA | |
| 650 | 4 | _aREDES INFORMATICAS | |
| 653 | _aINTERNET | ||
| 942 | _cBK | ||
| 998 | _claura | ||
| 999 |
_c14285 _d14285 |
||